[Event "Chess Attack-serien Eliteserien 2010-2011"]
[Site "Haraldsheim, Oslo"]
[Date "2010.11.07"]
[Round "3"]
[White "Bae, Torstein"]
[Black "Gabrielsen, Trond"]
[Result "1-0"]
[WhiteElo "2393"]
[BlackElo "2240"]
[PlyCount "87"]
[EventDate "2010.??.??"]

1. e4 c5 2. Nf3 Nc6 3. d4 cxd4 4. Nxd4 Nf6 5. Nc3 e5 6. Ndb5 d6 7. Bg5 a6 8.
Na3 b5 9. Nd5 Be7 10. Bxf6 Bxf6 11. c4 b4 12. Nc2 a5 13. g3 O-O 14. Bg2 Be6 15.
O-O Bg5 16. b3 Rb8 17. f4 exf4 18. gxf4 Bh4 19. Nce3 Re8 20. Qd3 Qd7 21. Rad1
Qa7 22. Kh1 Rbd8 23. Rd2 Qb8 24. Bf3 g6 25. Ng2 Be7 26. Nxe7+ Rxe7 27. Rfd1 Qb6
28. Ne3 Ree8 29. Kg2 Qc5 30. Nd5 Kg7 31. Qc2 f6 32. Qb2 Rf8 33. Rd3 a4 34. Nc7
Bg8 35. Nb5 axb3 36. axb3 g5 37. Nxd6 gxf4 38. Nf5+ Kg6 39. Bh5+ Kxh5 40. Qe2+
Kg6 41. Qg4+ Kf7 42. Nh6+ Ke7 43. Rd7+ Rxd7 44. Qxd7# 
1-0

[Event "Chess Attack-serien Eliteserien 2010-2011"]
[Site "Haraldsheim, Oslo"]
[Date "2010.11.07"]
[Round "3"]
[White "Demac, Elias"]
[Black "Bjerke, Silje"]
[Result "1-0"]
[WhiteElo "2198"]
[BlackElo "2187"]
[PlyCount "65"]
[EventDate "2010.??.??"]

1. d4 Nf6 2. c4 g6 3. Nc3 d5 4. cxd5 Nxd5 5. Bd2 Bg7 6. e4 Nb6 7. Be3 O-O 8. f4
f5 9. Qb3+ Kh8 10. e5 c6 11. Nf3 Nd5 12. Nxd5 cxd5 13. Be2 b6 14. h4 e6 15. h5
Kg8 16. hxg6 hxg6 17. Ng5 Nc6 18. Bf2 Re8 19. Bb5 Ne7 20. Bxe8 Qxe8 21. O-O Qd7
22. Rfc1 Ba6 23. Qa3 Bb5 24. Rc2 Rc8 25. Rxc8+ Nxc8 26. Rc1 Bc4 27. Qc3 Bh6 28.
Bh4 Ne7 29. b3 Bb5 30. Qc7 Qxc7 31. Rxc7 Bxg5 32. Bxg5 Nc6 33. a4 
1-0

[Event "Chess Attack-serien Eliteserien 2010-2011"]
[Site "Haraldsheim, Oslo"]
[Date "2010.11.07"]
[Round "3"]
[White "Guttulsrud, Odd Martin"]
[Black "Martinsen, Stig K."]
[Result "1-0"]
[WhiteElo "2115"]
[BlackElo "2114"]
[PlyCount "69"]
[EventDate "2010.??.??"]

1. e4 Nf6 2. e5 Nd5 3. c4 Nb6 4. d4 d6 5. exd6 exd6 6. Bd3 Be7 7. Ne2 O-O 8.
O-O c6 9. Qc2 f5 10. d5 Na6 11. dxc6 bxc6 12. Nd4 Nb4 13. Qe2 Nxd3 14. Nxc6
Nxc1 15. Rxc1 Qe8 16. Nxe7+ Kh8 17. Re1 Ba6 18. Nd2 d5 19. b3 dxc4 20. Nxc4
Nxc4 21. bxc4 Qf7 22. Rac1 Rfd8 23. h3 Rd4 24. Qf3 Rf8 25. c5 Bd3 26. c6 Be4
27. Qa3 Rd3 28. Qc5 Qh5 29. Ng6+ hxg6 30. Qxf8+ Kh7 31. Rxe4 fxe4 32. c7 Rxh3
33. Qh8+ Kxh8 34. c8=Q+ Kh7 35. Qxh3 
1-0

[Event "Chess Attack-serien Eliteserien 2010-2011"]
[Site "Haraldsheim, Oslo"]
[Date "2010.11.07"]
[Round "3"]
[White "Baastø, Espen Peder"]
[Black "Monsøy, Arild"]
[Result "1-0"]
[WhiteElo "2006"]
[BlackElo "1816"]
[PlyCount "59"]
[EventDate "2010.??.??"]

1. e4 d6 2. d4 Nf6 3. Nc3 g6 4. f4 Bg7 5. Nf3 O-O 6. h3 c5 7. Be3 cxd4 8. Nxd4
e5 9. Ndb5 Nh5 10. Qxd6 Qxd6 11. Nxd6 exf4 12. Bf2 Ng3 13. Bxg3 fxg3 14. O-O-O
Nc6 15. Nd5 Rd8 16. Nc7 Rb8 17. Bc4 Ne5 18. Bb3 Bf8 19. Nxf7 Rxd1+ 20. Rxd1
Nxf7 21. Rf1 Kh8 22. Bxf7 Bh6+ 23. Kd1 Bxh3 24. gxh3 Be3 25. Nd5 Rd8 26. Ke2
Bf2 27. Ne3 Rf8 28. Bd5 Kg7 29. e5 Bxe3 30. Rxf8 
1-0

[Event "Chess Attack-serien Eliteserien 2010-2011"]
[Site "Haraldsheim, Oslo"]
[Date "2010.11.07"]
[Round "3"]
[White "Tjomsland, Stig"]
[Black "Stojanovic, Mihajlo"]
[Result "0-1"]
[WhiteElo "2325"]
[BlackElo "2187"]
[PlyCount "82"]
[EventDate "2010.??.??"]

1. d4 d5 2. Nf3 c5 3. e3 Nf6 4. c4 cxd4 5. exd4 g6 6. Bd3 Bg7 7. O-O O-O 8. h3
Nc6 9. a3 b6 10. Nc3 Ba6 11. c5 Bxd3 12. Qxd3 bxc5 13. dxc5 e5 14. Qa6 Qc8 15.
Qxc8 Raxc8 16. Bg5 d4 17. Bxf6 Bxf6 18. Ne4 Be7 19. Rac1 Rfd8 20. Rc4 d3 21.
Nd6 Rb8 22. b4 Bxd6 23. cxd6 Rxd6 24. Rfc1 Rb6 25. b5 Na5 26. Rc8+ Kg7 27. Nxe5
Rxb5 28. f4 d2 29. Rd1 Nb3 30. Kf2 Rb7 31. Rc3 a5 32. Nf3 Rd5 33. Rc4 Rbd7 34.
Ne5 Re7 35. Rc3 Nc5 36. Kf3 f5 37. Ke3 Ne4 38. Rc4 Rb7 39. Rd4 Rb3+ 40. Nd3
Rxd4 41. Kxd4 Rxa3 
0-1

[Event "Chess Attack-serien Eliteserien 2010-2011"]
[Site "Haraldsheim, Oslo"]
[Date "2010.11.07"]
[Round "3"]
[White "Ulrichsen, Jarl H"]
[Black "Solem, Trond"]
[Result "0-1"]
[WhiteElo "2121"]
[BlackElo "2115"]
[PlyCount "72"]
[EventDate "2010.??.??"]

1. d4 f5 2. c4 Nf6 3. Nc3 g6 4. Bg5 Bg7 5. e3 O-O 6. Bd3 d6 7. Nge2 h6 8. Bxf6
Bxf6 9. e4 Nc6 10. exf5 gxf5 11. d5 Ne5 12. Ng3 f4 13. Nge4 Bg7 14. f3 c6 15.
Be2 Qb6 16. Qd2 Bd7 17. c5 dxc5 18. O-O c4+ 19. Kh1 Rad8 20. Qc2 Qa5 21. Rad1
b5 22. a3 Bf5 23. dxc6 a6 24. Nd5 Be6 25. Ndc3 Nxc6 26. Nc5 Bf5 27. N3e4 Nd4
28. Bxc4+ Kh8 29. Rxd4 Rxd4 30. Ba2 Rc8 31. Qb3 Rc4 32. h3 Qb6 33. Nd3 Qc7 34.
Qd1 Rd4 35. Qe2 Qc2 36. Nxf4 Bxe4 
0-1

[Event "Chess Attack-serien Eliteserien 2010-2011"]
[Site "Haraldsheim, Oslo"]
[Date "2010.11.07"]
[Round "3"]
[White "Thanke, Bror"]
[Black "Evensen, Tom R"]
[Result "1-0"]
[WhiteElo "2076"]
[BlackElo "2005"]
[PlyCount "111"]
[EventDate "2010.??.??"]

1. e4 e5 2. Nf3 Nc6 3. Bb5 a6 4. Ba4 Nf6 5. O-O b5 6. Bb3 Be7 7. Re1 d6 8. c3
O-O 9. d4 Bg4 10. Be3 Re8 11. Nbd2 Bf8 12. h3 Bh5 13. Qb1 Na5 14. Bc2 c5 15. d5
Bxf3 16. Nxf3 Nc4 17. Bc1 Rb8 18. b3 Nb6 19. Be3 a5 20. Nd2 Be7 21. Qd1 h6 22.
Bd3 Qd7 23. Qe2 Na8 24. Reb1 Nc7 25. Qd1 Rb7 26. a4 b4 27. cxb4 axb4 28. Nc4
Nh7 29. Qh5 Nf6 30. Qf3 Nh7 31. Re1 Bg5 32. Rad1 Bxe3 33. Nxe3 g6 34. Qg3 Kh8
35. Rf1 Qe7 36. h4 Rf8 37. f4 exf4 38. Qxf4 Kg7 39. Nc4 Ne8 40. Rde1 Qf6 41.
Qg3 Qd4+ 42. Kh1 Rd7 43. h5 Ng5 44. hxg6 fxg6 45. Rxf8 Kxf8 46. e5 Rf7 47. exd6
Rf4 48. Qxf4+ Qxf4 49. Rf1 Qxf1+ 50. Bxf1 Nf7 51. d7 Nf6 52. Ne5 Nd8 53. Nc6
Nxc6 54. dxc6 Ke7 55. Bc4 Ng4 56. Be6 
1-0

[Event "Chess Attack-serien Eliteserien 2010-2011"]
[Site "Haraldsheim, Oslo"]
[Date "2010.11.07"]
[Round "3"]
[White "Laverton, Christian"]
[Black "Glenne, Bjørn Erik"]
[Result "1-0"]
[WhiteElo "1904"]
[BlackElo "2106"]
[PlyCount "77"]
[EventDate "2010.??.??"]

1. d4 Nf6 2. c4 d6 3. Nc3 e5 4. e4 Nbd7 5. Nf3 c6 6. Be2 Be7 7. O-O Qc7 8. Be3
O-O 9. d5 c5 10. Ne1 Ne8 11. Nd3 g6 12. f4 f5 13. fxe5 Nxe5 14. Nxe5 dxe5 15.
Bh6 Rf6 16. Bg5 Rf7 17. Bxe7 Qxe7 18. exf5 gxf5 19. Bh5 Rg7 20. Bxe8 Qxe8 21.
d6 Be6 22. Nd5 Qf7 23. Ne7+ Kh8 24. b3 Rd8 25. Rf2 Qf6 26. Qf1 Rg5 27. Rd1 e4
28. Qe2 Kg7 29. Qe3 b6 30. h3 h6 31. Qf4 Bd7 32. Kh2 Rf8 33. Rd5 Qc3 34. Re5
Rf6 35. Nd5 Qd4 36. Nxf6 Kxf6 37. Rxe4 Rxg2+ 38. Kxg2 Bc6 39. Qxf5+ 
1-0

[Event "Chess Attack-serien Eliteserien 2010-2011"]
[Site "Haraldsheim, Oslo"]
[Date "2010.11.07"]
[Round "3"]
[White "Byklum, Bjørnar"]
[Black "Lie, Kjetil A."]
[Result "0-1"]
[WhiteElo "2280"]
[BlackElo "2515"]
[PlyCount "80"]
[EventDate "2010.??.??"]

1. d4 Nf6 2. c4 g6 3. Nc3 Bg7 4. e4 O-O 5. Bd3 d6 6. Nge2 c5 7. d5 e6 8. O-O
exd5 9. cxd5 a6 10. a4 Nbd7 11. h3 Re8 12. Ng3 h5 13. Bg5 Qa5 14. Qd2 Nh7 15.
Bh6 Ne5 16. Be2 h4 17. Bxg7 Kxg7 18. f4 hxg3 19. fxe5 Rxe5 20. Qf4 Qc7 21. Qxg3
Qe7 22. Rf4 Bd7 23. h4 Rf8 24. Raf1 Qe8 25. b3 f5 26. Bd3 Nf6 27. R4f2 Nh5 28.
Qh2 Rf6 29. Bc2 b5 30. axb5 axb5 31. exf5 gxf5 32. Bd1 b4 33. Bxh5 Qxh5 34. g4
Qe8 35. Ne2 Bb5 36. Ng3 f4 37. Nh5+ Rxh5 38. gxh5 Bxf1 39. Kxf1 Qxh5 40. Ke1
Qxd5 
0-1

[Event "Chess Attack-serien Eliteserien 2010-2011"]
[Site "Haraldsheim, Oslo"]
[Date "2010.11.07"]
[Round "3"]
[White "Astrup, Kim Chr."]
[Black "Østmoe, Geir Sune Tallaksen"]
[Result "0-1"]
[WhiteElo "2236"]
[BlackElo "2402"]
[PlyCount "66"]
[EventDate "2010.??.??"]

1. Nf3 Nf6 2. c4 e6 3. g3 d5 4. Bg2 Be7 5. O-O O-O 6. b3 c5 7. Bb2 Nc6 8. e3 d4
9. exd4 cxd4 10. Re1 Ne8 11. Ne5 Nxe5 12. Rxe5 f6 13. Re1 e5 14. Na3 Nc7 15.
Nc2 Rb8 16. d3 b5 17. Rb1 Bf5 18. Qe2 bxc4 19. bxc4 Na6 20. Bd5+ Kh8 21. Be4
Bxe4 22. Qxe4 Nc5 23. Qf3 Na4 24. Ba1 Qd7 25. Qe2 Bd6 26. Qd2 Nc5 27. Bb2 Ne6
28. Qa5 Qc6 29. h4 g5 30. Nxd4 Nxd4 31. Bxd4 Rxb1 32. Rxb1 exd4 33. hxg5 fxg5
0-1

[Event "Chess Attack-serien Eliteserien 2010-2011"]
[Site "Haraldsheim, Oslo"]
[Date "2010.11.07"]
[Round "3"]
[White "Hobber, Anders"]
[Black "Andreassen, Pål"]
[Result "1-0"]
[WhiteElo "2093"]
[BlackElo "2016"]
[PlyCount "79"]
[EventDate "2010.??.??"]

1. d4 Nf6 2. Nf3 g6 3. g3 Bg7 4. Bg2 O-O 5. O-O d5 6. c3 Bf5 7. Bf4 Qc8 8. Re1
Ne4 9. Nfd2 Nf6 10. Na3 Nbd7 11. Rc1 Nb6 12. c4 dxc4 13. Naxc4 Nbd5 14. Be5 Bh3
15. Bh1 Bh6 16. Qb3 Qd7 17. e3 a5 18. Bxf6 exf6 19. Qxb7 Nb4 20. Ne4 Kg7 21.
Nc5 Qe7 22. a3 Rfb8 23. Qe4 Qxe4 24. Bxe4 Na6 25. Bxa8 Nxc5 26. dxc5 Rxa8 27.
b4 axb4 28. axb4 Ra4 29. b5 Be6 30. b6 cxb6 31. Nxb6 Rb4 32. Rb1 Rxb1 33. Rxb1
Kf8 34. c6 Ke7 35. c7 Kd6 36. c8=Q Bxc8 37. Nxc8+ Ke5 38. Na7 Ke4 39. Kg2 Bf8
40. Rb7 
1-0

[Event "Chess Attack-serien Eliteserien 2010-2011"]
[Site "Haraldsheim, Oslo"]
[Date "2011.01.21"]
[Round "4"]
[White "Djurhuus, Rune"]
[Black "Urkedal, Frode Olav Olsen"]
[Result "1/2-1/2"]
[WhiteElo "2433"]
[BlackElo "2442"]
[PlyCount "85"]
[EventDate "2010.??.??"]

1. e4 c5 2. Nf3 d6 3. Bc4 a6 4. Bb3 Nc6 5. c3 Nf6 6. d3 g6 7. O-O Bg7 8. Re1
O-O 9. a4 Bd7 10. h3 b5 11. Bg5 h6 12. Bh4 b4 13. d4 bxc3 14. bxc3 cxd4 15.
cxd4 Nh5 16. Ra3 Qa5 17. e5 dxe5 18. d5 Nd4 19. Nxd4 exd4 20. Bxe7 Rfe8 21. d6
Bf6 22. Qd2 Qxd2 23. Nxd2 Bxe7 24. dxe7 Kg7 25. Nf3 d3 26. Bc4 Nf4 27. a5 Bc6
28. Bxd3 Bxf3 29. gxf3 Nxh3+ 30. Kh2 Ng5 31. Bc4 Ra7 32. f4 Ne6 33. f5 gxf5 34.
Bxe6 fxe6 35. Rxe6 Rexe7 36. Rg3+ Kh7 37. Rgg6 Rxe6 38. Rxe6 Rc7 39. Rxa6 Rc2
40. Kg3 Ra2 41. f3 Ra4 42. Kh3 Kg7 43. Kg3 
1/2-1/2

[Event "Chess Attack-serien Eliteserien 2010-2011"]
[Site "Haraldsheim, Oslo"]
[Date "2011.01.21"]
[Round "4"]
[White "Hansen, Torbjørn R."]
[Black "Hole, Øystein"]
[Result "0-1"]
[WhiteElo "2426"]
[BlackElo "2350"]
[PlyCount "86"]
[EventDate "2010.??.??"]

1. e4 c6 2. Nf3 d5 3. Nc3 Bg4 4. d4 e6 5. h3 Bxf3 6. Qxf3 dxe4 7. Nxe4 Qxd4 8.
c3 Qd5 9. Bg5 f5 10. Nd2 Qxf3 11. Nxf3 h6 12. Bh4 g5 13. Bg3 Nf6 14. O-O-O Nbd7
15. Nd4 Kf7 16. Bc4 Nd5 17. Rhe1 Re8 18. Nxf5 exf5 19. Rxd5 Rxe1+ 20. Rd1+ Kf6
21. Rxe1 f4 22. Re6+ Kf5 23. Bh2 Ne5 24. Bb3 Bc5 25. g4+ Nxg4 26. hxg4+ Kxg4
27. Re2 Kf3 28. Bd1 Kg2 29. f3+ Kh1 30. Bb3 Be3+ 31. Kd1 h5 32. Ke1 Rd8 33. Kf1
h4 34. Bc2 Rd7 35. Rg2 h3 36. Re2 Rd8 37. Bb3 c5 38. Bc2 b5 39. a3 c4 40. Rxe3
fxe3 41. Bc7 Rd2 42. Be4 Rf2+ 43. Ke1 Kg1 
0-1

[Event "Chess Attack-serien Eliteserien 2010-2011"]
[Site "Haraldsheim, Oslo"]
[Date "2011.01.21"]
[Round "4"]
[White "Skrondal, Inge Sandstad"]
[Black "Bae, Torstein"]
[Result "0-1"]
[WhiteElo "2252"]
[BlackElo "2393"]
[PlyCount "68"]
[EventDate "2010.??.??"]

1. c4 Nf6 2. Nc3 e5 3. g3 Bb4 4. Bg2 O-O 5. Qb3 Bxc3 6. Qxc3 Nc6 7. Bxc6 dxc6
8. Qxe5 Re8 9. Qc3 Bf5 10. f3 Re6 11. b3 b5 12. Bb2 Qe7 13. O-O-O Rd8 14. e4
Rxe4 15. fxe4 Qxe4 16. d3 Qxh1 17. Qe5 Bg6 18. Qxc7 Re8 19. h3 Qg2 20. Qd6 h5
21. Bxf6 gxf6 22. Qxf6 bxc4 23. bxc4 Re3 24. g4 c5 25. Qg5 Qg3 26. Qxc5 Bxd3
27. Qg5+ Bg6 28. Qf6 Kh7 29. Kb2 Qg2+ 30. Ka1 Qc2 31. Rf1 Qxc4 32. gxh5 Bxh5
33. h4 Rf3 34. Rxf3 Qc1# 
0-1

[Event "Chess Attack-serien Eliteserien 2010-2011"]
[Site "Haraldsheim, Oslo"]
[Date "2011.01.21"]
[Round "4"]
[White "Bjerke, Silje"]
[Black "Thorstensen, Trond"]
[Result "1-0"]
[WhiteElo "2187"]
[BlackElo "2200"]
[PlyCount "150"]
[EventDate "2010.??.??"]

1. e4 e6 2. d4 d5 3. Nd2 dxe4 4. Nxe4 Nd7 5. Nf3 Ngf6 6. Nxf6+ Nxf6 7. Bd3 c5
8. dxc5 Bxc5 9. O-O O-O 10. Bg5 Be7 11. Qe2 h6 12. Bh4 Nd5 13. Bxe7 Qxe7 14.
Qe4 Nf6 15. Qh4 b6 16. Rfe1 Bb7 17. Ne5 Rfd8 18. Ng4 Rd5 19. Be4 Rd7 20. Bxb7
Rxb7 21. Nxf6+ Qxf6 22. Qxf6 gxf6 23. Rad1 Rc8 24. c3 b5 25. Rd2 Rc4 26. Red1
a5 27. Rd7 Rxd7 28. Rxd7 b4 29. Rd3 bxc3 30. bxc3 f5 31. Kf1 Kg7 32. Ke2 Kf6
33. Kd1 Ra4 34. Rd2 Ra3 35. Rc2 Ke5 36. Kd2 Kd5 37. Kc1 Ra4 38. Kb2 Rg4 39. f3
Rh4 40. g3 Rc4 41. Rd2+ Ke5 42. Rd7 Kf6 43. Kb3 Rc5 44. f4 Kg6 45. a4 h5 46.
Rb7 h4 47. Rb5 hxg3 48. hxg3 Rc8 49. Rxa5 Kh5 50. Re5 Kg4 51. Re3 Rb8+ 52. Kc4
Ra8 53. Kb4 Rb8+ 54. Ka3 Ra8 55. c4 Rc8 56. Rc3 f6 57. c5 e5 58. fxe5 fxe5 59.
c6 f4 60. gxf4 exf4 61. Kb4 f3 62. Kc5 f2 63. Rc1 Kg3 64. Kb6 Rb8+ 65. Ka7 Rb4
66. c7 Rxa4+ 67. Kb7 Rb4+ 68. Kc6 Rc4+ 69. Rxc4 f1=Q 70. Rc3+ Kh4 71. c8=Q Qf6+
72. Kb7 Qe7+ 73. Qc7 Qb4+ 74. Kc8 Qg4+ 75. Qd7 Qf5 
1-0

[Event "Chess Attack-serien Eliteserien 2010-2011"]
[Site "Haraldsheim, Oslo"]
[Date "2011.01.21"]
[Round "4"]
[White "Dolzhikova, Olga"]
[Black "Guttulsrud, Odd Martin"]
[Result "0-1"]
[WhiteElo "2095"]
[BlackElo "2115"]
[PlyCount "72"]
[EventDate "2010.??.??"]

1. e4 c5 2. c3 e5 3. Bc4 Nc6 4. Nf3 Qc7 5. O-O Nf6 6. Ng5 Nd8 7. f4 d6 8. Qa4+
Bd7 9. Qb3 Bc6 10. d4 h6 11. fxe5 hxg5 12. exd6 Bxd6 13. e5 Bxe5 14. Re1 Ne4
15. d5 Bxh2+ 16. Kf1 Qe5 17. Nd2 Qf5+ 18. Ke2 Bg3 19. Rf1 Qg4+ 20. Nf3 Bd7 21.
Be3 Nd6 22. Rh1 Rxh1 23. Rxh1 Qxc4+ 24. Qxc4 Nxc4 25. Bxc5 f6 26. Rh8+ Kf7 27.
Rf8+ Kg6 28. Be7 Bc7 29. b3 Nd6 30. c4 Nf5 31. Ba3 b6 32. b4 Rc8 33. c5 Nf7 34.
Rxc8 Bxc8 35. d6 Bd8 36. Bb2 g4 
0-1

[Event "Chess Attack-serien Eliteserien 2010-2011"]
[Site "Haraldsheim, Oslo"]
[Date "2011.01.21"]
[Round "4"]
[White "Botheim, Tor"]
[Black "Briseid, Håkon"]
[Result "1/2-1/2"]
[WhiteElo "1921"]
[BlackElo "2114"]
[PlyCount "105"]
[EventDate "2010.??.??"]

1. e4 e5 2. Nf3 Nc6 3. Bb5 a6 4. Ba4 Nf6 5. O-O Be7 6. Re1 b5 7. Bb3 d6 8. c3
O-O 9. h3 Na5 10. Bc2 c5 11. d4 Qc7 12. d5 Bd7 13. b3 Nb7 14. Be3 c4 15. b4 a5
16. a3 Ra6 17. Nbd2 Rfa8 18. Rc1 axb4 19. axb4 Kf8 20. Qe2 Ke8 21. Qf1 Qb8 22.
Nh2 Ng8 23. f4 f6 24. f5 Nd8 25. Qf3 Nf7 26. Qh5 h6 27. Nhf3 Kf8 28. Nh4 Nh8
29. Kh2 Bd8 30. Bb1 Bb6 31. Qe2 Qa7 32. Bxb6 Qxb6 33. Qe3 Qxe3 34. Rxe3 Ra1 35.
g4 Ne7 36. Nhf3 Nf7 37. Kg2 g6 38. Kh2 R8a7 39. Rg1 R7a3 40. Ne1 Ra8 41. Nef3
gxf5 42. gxf5 Bxf5 43. exf5 Nxd5 44. Ree1 Nxc3 45. Ne4 Nxb1 46. Rxb1 Rxb1 47.
Rxb1 Ra3 48. Nh4 d5 49. Nxf6 d4 50. Ng6+ Kg7 51. Nh5+ Kg8 52. Nf6+ Kg7 53. Nh5+
1/2-1/2

[Event "Chess Attack-serien Eliteserien 2010-2011"]
[Site "Haraldsheim, Oslo"]
[Date "2011.01.21"]
[Round "4"]
[White "Solem, Trond"]
[Black "Hammerstad, Åsmund"]
[Result "1/2-1/2"]
[WhiteElo "2115"]
[BlackElo "2178"]
[PlyCount "73"]
[EventDate "2010.??.??"]

1. d4 e6 2. c4 f5 3. Nc3 Nf6 4. e3 Be7 5. Bd3 d6 6. Qc2 Nc6 7. a3 e5 8. dxe5
Nxe5 9. Bxf5 O-O 10. Nh3 Kh8 11. Nf4 Bxf5 12. Qxf5 Nfg4 13. Qe4 Nxf2 14. Kxf2
g5 15. Rf1 gxf4 16. exf4 Ng4+ 17. Kg1 d5 18. Qd4+ Bf6 19. Qd1 Bxc3 20. bxc3 Nf6
21. cxd5 Qxd5 22. Qxd5 Nxd5 23. c4 Nb6 24. Rb1 c5 25. Rb5 Rac8 26. Be3 Nxc4 27.
Bxc5 Rfd8 28. Bxa7 Rd7 29. Rc1 b6 30. Bb8 Rc6 31. Rb4 Rd4 32. Re1 Kg8 33. Be5
Rd2 34. a4 Kf7 35. h3 h5 36. h4 Rg6 37. Rxc4 
1/2-1/2

[Event "Chess Attack-serien Eliteserien 2010-2011"]
[Site "Haraldsheim, Oslo"]
[Date "2011.01.21"]
[Round "4"]
[White "Aulin-Jansson, Jøran"]
[Black "Thanke, Bror"]
[Result "1/2-1/2"]
[WhiteElo "2131"]
[BlackElo "2076"]
[PlyCount "116"]
[EventDate "2010.??.??"]

1. e4 c5 2. Nc3 Nc6 3. f4 d6 4. Nf3 g6 5. Bc4 Bg7 6. O-O e6 7. d3 Nge7 8. Qe1
Nd4 9. Nxd4 cxd4 10. Ne2 O-O 11. g4 d5 12. Bb3 dxe4 13. dxe4 d3 14. Ng3 dxc2
15. f5 Nc6 16. Bxc2 Nd4 17. Bb1 Qh4 18. g5 exf5 19. exf5 Bxf5 20. Bxf5 gxf5 21.
Qf2 Rac8 22. Qg2 Rc2 23. Rf2 Qg4 24. Be3 f4 25. Rxc2 Nxc2 26. Qxc2 fxg3 27.
Bxa7 Rc8 28. Qd2 gxh2+ 29. Kxh2 Be5+ 30. Kh1 Qh3+ 31. Kg1 Rc4 32. Qd8+ Kg7 33.
Qd5 Rg4+ 34. Kf2 Qh4+ 35. Ke2 Qxg5 36. Rf1 Rg2+ 37. Bf2 Qh5+ 38. Kd3 Qg6+ 39.
Kc4 Rg4+ 40. Kb3 Rg5 41. Be3 Bf6 42. Bxg5 Bxg5 43. a4 b6 44. Rg1 h6 45. Qd4+
Qf6 46. Qxf6+ Kxf6 47. Kc4 h5 48. Rg3 Kf5 49. Rb3 Bd8 50. Rf3+ Ke6 51. b4 h4
52. Re3+ Kf5 53. Rf3+ Kg4 54. Rd3 Bc7 55. Rd7 h3 56. Rxf7 h2 57. Rh7 Bg3 58.
Rxh2 Bxh2 
1/2-1/2

[Event "Chess Attack-serien Eliteserien 2010-2011"]
[Site "Haraldsheim, Oslo"]
[Date "2011.01.21"]
[Round "4"]
[White "Sørgjerd, Jan"]
[Black "Tari, Aryan"]
[Result "1/2-1/2"]
[WhiteElo "1972"]
[BlackElo "2125"]
[PlyCount "107"]
[EventDate "2010.??.??"]

1. d4 Nf6 2. Nf3 e6 3. c4 b6 4. g3 Bb7 5. Bg2 c5 6. O-O cxd4 7. Nxd4 Bxg2 8.
Kxg2 Qc7 9. b3 a6 10. Bb2 Nc6 11. Nd2 e5 12. Nc2 d5 13. cxd5 Nxd5 14. a3 Rd8
15. Qe1 Bc5 16. Rc1 a5 17. Ne4 Be7 18. Nc3 Qb7 19. Nxd5 Rxd5 20. Kg1 O-O 21.
Ne3 Rb5 22. Nf5 Bc5 23. Qd1 Rd8 24. Qc2 Nd4 25. Qc4 Qd7 26. Nxd4 Bxd4 27. Bxd4
exd4 28. Rfd1 Rc5 29. Qd3 Qd6 30. Rc4 Rd5 31. a4 g6 32. Qc2 d3 33. Rxd3 Rxd3
34. exd3 Qxd3 35. Qxd3 Rxd3 36. b4 Ra3 37. b5 Kg7 38. Rc6 Rxa4 39. Rxb6 Rb4 40.
Rb8 Kf6 41. b6 h5 42. b7 a4 43. Ra8 Rxb7 44. Rxa4 Kg5 45. h4+ Kf5 46. Ra5+ Kf6
47. Kg2 Re7 48. Rb5 Re5 49. Rb4 Kf5 50. Rf4+ Ke6 51. Ra4 Kf5 52. Rf4+ Ke6 53.
Ra4 Kf5 54. Rc4 
1/2-1/2

[Event "Chess Attack-serien Eliteserien 2010-2011"]
[Site "Haraldsheim, Oslo"]
[Date "2011.01.21"]
[Round "4"]
[White "Gunnesdal, Lars"]
[Black "Glenne, Bjørn Erik"]
[Result "0-1"]
[WhiteElo "2020"]
[BlackElo "2106"]
[PlyCount "58"]
[EventDate "2010.??.??"]

1. e4 c6 2. d3 g6 3. g3 Bg7 4. Bg2 Nf6 5. Nc3 d6 6. h3 Na6 7. f4 e5 8. fxe5 Nh5
9. Qf3 Nb4 10. Kd1 Bxe5 11. Nge2 O-O 12. g4 Ng7 13. Rf1 Ne6 14. Be3 Bd7 15. a3
Na6 16. d4 Bg7 17. Rb1 Qe7 18. Ke1 Rae8 19. Kf2 f5 20. gxf5 gxf5 21. Kg1 f4 22.
Nxf4 Nxd4 23. Qf2 Nf5 24. exf5 Qxe3 25. Qxe3 Rxe3 26. Ne6 Bxe6 27. fxe6 Rxf1+
28. Kxf1 Bxc3 29. bxc3 Nc5 
0-1

[Event "Chess Attack-serien Eliteserien 2010-2011"]
[Site "Haraldsheim, Oslo"]
[Date "2011.01.21"]
[Round "4"]
[White "Gabrielsen, Stig"]
[Black "Leer-Salvesen, Bjarte"]
[Result "1-0"]
[WhiteElo "2271"]
[BlackElo "2330"]
[PlyCount "69"]
[EventDate "2010.??.??"]

1. e4 e6 2. d4 d5 3. Nc3 dxe4 4. Nxe4 Nd7 5. Nf3 Ngf6 6. Bd3 Nxe4 7. Bxe4 Nf6
8. Bg5 h6 9. Bxf6 Qxf6 10. Qe2 a6 11. O-O-O Bd6 12. Kb1 O-O 13. h4 Re8 14. Ne5
c5 15. c3 cxd4 16. cxd4 Qe7 17. g4 f6 18. Ng6 Qf7 19. Bc2 Bd7 20. g5 f5 21. Ne5
Bxe5 22. dxe5 hxg5 23. hxg5 Bb5 24. Qe3 Qg6 25. Rd6 Rac8 26. f4 Bc6 27. Rh2 Rc7
28. a3 Be4 29. Bxe4 fxe4 30. Ka2 Rec8 31. Rhd2 Qf5 32. R2d4 Rc4 33. Rd8+ Rxd8
34. Rxd8+ Kh7 35. Qe2 
1-0

[Event "Chess Attack-serien Eliteserien 2010-2011"]
[Site "Haraldsheim, Oslo"]
[Date "2011.01.21"]
[Round "4"]
[White "Astrup, Kim Chr."]
[Black "Borchgrevink, Harald B"]
[Result "1-0"]
[WhiteElo "2236"]
[BlackElo "2235"]
[PlyCount "95"]
[EventDate "2010.??.??"]

1. d4 d5 2. Nf3 c6 3. c4 e6 4. Qc2 dxc4 5. Qxc4 b5 6. Qc2 Bb7 7. g3 Nd7 8. Nc3
c5 9. Be3 b4 10. Ne4 cxd4 11. Bxd4 Qa5 12. b3 Rc8 13. Qd3 Ngf6 14. Nxf6+ Nxf6
15. Bxf6 gxf6 16. Bg2 Bg7 17. O-O O-O 18. Rac1 Rxc1 19. Rxc1 Rd8 20. Qb1 f5 21.
Ne1 Ba6 22. Rc2 Bc3 23. Qc1 f6 24. Bf1 Rd6 25. Nd3 Bxd3 26. exd3 Qd5 27. Qe3 a5
28. Qh6 Qb7 29. Qh5 Kg7 30. Re2 Qf7 31. Qf3 Qd7 32. g4 Rxd3 33. Qg2 f4 34. Rxe6
Qxe6 35. Bxd3 Qe1+ 36. Bf1 Bd4 37. Qf3 Qd2 38. Bc4 Qc1+ 39. Kg2 Qd2 40. h4 Kh6
41. Be2 Be5 42. g5+ Kg7 43. Qb7+ Kh8 44. Qc8+ Kg7 45. Bc4 f3+ 46. Kh3 Kg6 47.
Qg8+ Kf5 48. Bd3+ 
1-0

[Event "Chess Attack-serien Eliteserien 2010-2011"]
[Site "Haraldsheim, Oslo"]
[Date "2011.01.21"]
[Round "4"]
[White "Gabrielsen, Trond"]
[Black "Stenersen, Gudmund"]
[Result "1-0"]
[WhiteElo "2240"]
[BlackElo "2195"]
[PlyCount "79"]
[EventDate "2010.??.??"]

1. e4 e5 2. Nf3 Nc6 3. Bc4 Bc5 4. b4 Bxb4 5. c3 Ba5 6. d4 exd4 7. O-O Nge7 8.
cxd4 d5 9. exd5 Nxd5 10. Qb3 Nce7 11. Ba3 c6 12. Bxe7 Kxe7 13. Nbd2 Bxd2 14.
Nxd2 g6 15. Ne4 Kf8 16. Rfe1 Kg7 17. Qg3 Re8 18. Nd6 Re7 19. h4 Be6 20. h5 Rd7
21. Ne4 Bf5 22. Ng5 Qf6 23. Re5 h6 24. Nf3 g5 25. Bxd5 cxd5 26. Rc1 Be4 27. Nd2
Rad8 28. f3 Qb6 29. Kh2 Bh7 30. Nb3 Qf6 31. Nc5 Re7 32. Rxe7 Qxe7 33. Re1 Qf6
34. Nxb7 Rf8 35. Re5 Qa6 36. Nc5 Qxa2 37. Re7 Kg8 38. Qe5 Qa3 39. Nd7 Bf5 40.
Nxf8 
1-0

[Event "Chess Attack-serien Eliteserien 2010-2011"]
[Site "Haraldsheim, Oslo"]
[Date "2011.01.21"]
[Round "4"]
[White "Johansen, Terje"]
[Black "Nilsen, Joachim B."]
[Result "1-0"]
[WhiteElo "2193"]
[BlackElo "2194"]
[PlyCount "93"]
[EventDate "2010.??.??"]

1. d4 f5 2. g3 Nf6 3. Bg2 g6 4. Nf3 Bg7 5. b3 O-O 6. Bb2 d6 7. c4 c6 8. Qc2 a5
9. Nbd2 Na6 10. Bc3 Qc7 11. Rc1 Re8 12. Qb2 Bd7 13. O-O Qd8 14. Ne1 Ra7 15. Nd3
b5 16. cxb5 cxb5 17. a3 Nc7 18. d5 Rf8 19. Bd4 Rb7 20. b4 a4 21. Nf4 Rb8 22. h4
Bh6 23. Be3 Bxf4 24. Bxf4 Ncxd5 25. Bh6 Rf7 26. Nf3 Ne4 27. Ng5 Nxg5 28. Bxd5
Be6 29. Qd4 Bxd5 30. Qxd5 Ne4 31. Rc6 Qd7 32. Rfc1 Nf6 33. Qa2 e6 34. Bf4 Ne8
35. Qd2 e5 36. Bh6 Qe6 37. Qd3 Rd7 38. Rc8 Rxc8 39. Rxc8 Rc7 40. Rb8 Kf7 41.
Qxb5 f4 42. Kg2 fxg3 43. fxg3 Rc2 44. Qb7+ Rc7 45. Qf3+ Ke7 46. Bg5+ Nf6 47.
Bxf6+ 
1-0